| 000 | 00999nam a2200193Ia 4500 | ||
|---|---|---|---|
| 003 | OSt | ||
| 005 | 20210613222958.0 | ||
| 008 | 210310s1994 ck ad gr 100 0 spa d | ||
| 040 |
_aCO-JMCR _cCO-JMCR |
||
| 041 | 0 | _aspa | |
| 082 | 0 | 4 |
_a333.79 / _bS471t _223 |
| 111 | 2 |
_aSeminario Internacional Regulación, privatización y reforma de seguridad social: Experiencias colombianas e internacionales _d(1994 : _cBogotá) _938368 |
|
| 245 | 1 | 0 |
_aTeoría y experiencia británica en el sector eléctrico / _cSeminario Internacional Regulación, privatización y reforma de seguridad social : experiencias colombianas e internacionales |
| 260 |
_aBogotá : _bMinisterio de Hacienda y Crédito Público, _c1994 |
||
| 300 |
_a[29] páginas : _bilustraciones y gráficas a blanco y negro ; _c28 cm. |
||
| 505 | 0 | _aLa estructura del Sector Eléctrico -- Desarrollo del Sistema Regulador -- Puntos de interés para Colombia | |
| 650 | 1 | 4 |
_aSector Eléctrico _915970 _xCongresos, seminarios, etc. |
| 942 |
_2ddc _cBK |
||
| 999 |
_c7973 _d7973 |
||